| 000 | 01306nam a22003497a 4500 | ||
|---|---|---|---|
| 003 | CHAP | ||
| 005 | 20220329142021.0 | ||
| 008 | 990302d1998 mx a r 00110 spa d | ||
| 010 | _a77127 | ||
| 011 | _a78099 | ||
| 035 | _a87935 | ||
| 040 | _cCHAP | ||
| 090 | _aTesis | ||
| 100 | 0 | 0 |
_aIslas Delgadillo, Javier. _960589 |
| 245 | 1 | 0 |
_aReconstrución de un banco de pruebas para sembradoras unitarias y fertilizadoras en líneas _c/por Javier Islas Delgadillo y Guillermo Ruiz Ramírez |
| 260 |
_aChapingo, Méx. : _bEl autor, _c1998. |
||
| 300 |
_a62 h. : _bilus. ; gráfs. ; tablas ; anexos |
||
| 502 | _aTesis (Ing. Mecánico Agrícola) -- UACH. Departamento de Ingeniería Mecánica Agrícola | ||
| 590 |
_aALEPH _b10 _c20130110 _lUCH01 _h1428 |
||
| 590 |
_aBATCH-UPD _b10 _c20130110 _lUCH01 _h0612 |
||
| 590 |
_aBATCH-UPD _b10 _c20130410 _lUCH01 _h0254 |
||
| 590 |
_aBATCH-UPD _b10 _c20130914 _lUCH01 _h1659 |
||
| 590 |
_aCONVERSION _b10 _c20130109 _lUCH01 _h1342 |
||
| 650 | 1 | 4 |
_aSembradoras. _9103854 |
| 700 | 0 |
_aRuiz Ramírez, Guillermo. _9100763 |
|
| 901 | _aBK | ||
| 905 | _aGuadalupe Pinto C. | ||
| 942 | _cFOLL | ||
| 949 |
_bBC _cTES _d33724000711974 _eTS2 _fc.2 _h33539 _i87935 _sb |
||
| 949 |
_bBC _cTES _d33724000760401 _eTS2 _fc.3 _h35685 _i87935 _sb |
||
| 949 |
_bBC _cTES _d879351 _eTS1 _h33538 _i87935 _sb |
||
| 999 |
_c77127 _d77127 |
||